150 Thuật ngữ văn học

Gồm khoảng trên 150 thuật ngữ văn học hiện đại, thuật ngữ về kí hiệu học, kí hiệu thẩm mỹ, về cấu trúc, về huyền thoại

Guardat en:
Dades bibliogràfiques
Autor principal: Lại Nguyên Ân (Biên soạn)
Format: Llibre
Idioma:Vietnamese
Publicat: H. Đại học Quốc gia Hà Nội 2003
Edició:In lần thứ 3, có sửa và thêm
Matèries:
Etiquetes: Afegir etiqueta
Sense etiquetes, Sigues el primer a etiquetar aquest registre!
Thư viện lưu trữ: Mạng thư viện Đại học Đà Nẵng
LEADER 01273nam a2200349 4500
001 000007797
003 3964
005 20170309150335.0
008 111011s2003 viesd
020 |c 42000đ 
041 0 |a vie 
082 |a 803  |b LA- 
100 0 |a Lại Nguyên Ân  |e Biên soạn 
245 0 |a 150 Thuật ngữ văn học  |c Lại Nguyên Ân b.s. 
250 |a In lần thứ 3, có sửa và thêm 
260 |a H.  |b Đại học Quốc gia Hà Nội  |c 2003 
300 |a 423  |c 21cm 
520 |a Gồm khoảng trên 150 thuật ngữ văn học hiện đại, thuật ngữ về kí hiệu học, kí hiệu thẩm mỹ, về cấu trúc, về huyền thoại 
653 |a Ngôn ngữ văn học 
653 |a Thuật ngữ 
653 |a Văn học 
910 |a Lai Thi Minh Phuong  |d 11/10/2011 
OWN |a LSP 
AVA |a UDN50  |b LSP  |d 803 LA-  |e check_holdings  |t Error 5003 Not defined in file expand_doc_bib_avail.  |h N  |k 1 
999 |a From the UDN01 
AVA |a UDN50  |b LSP  |d 803 LA-  |e available  |t Error 5001 Not defined in file expand_doc_bib_avail.  |f 13  |g 0  |h N  |i 1  |k 1 
TYP |a Monograph 
TYP |a Printed language 
980 |a Mạng thư viện Đại học Đà Nẵng